Virus de Inmunodeficiencia Humana.

שמור ב:
מידע ביבליוגרפי
מחבר תאגידי: Consejo Nacional de Población (México)
פורמט: ספר
שפה:ספרדית
סדרה:(Infórmate y decide)
נושאים:
תגים: הוספת תג
אין תגיות, היה/י הראשונ/ה לתייג את הרשומה!

MARC

LEADER 00000nam^a2200000^u^4500
001 000511212
005 20250521000000.0
008 100217s1000^^^^^^^^^^^^r^^^^^000^0^spa^d
009 20260310130142.417
035 |a FCE 000055422 
037 |a Acervo ITESO - Biblioteca 
041 |a spa 
082 0 4 |a 613.9  |b CONp-8 
110 |a Consejo Nacional de Población (México) 
245 1 0 |a Virus de Inmunodeficiencia Humana. 
264 |a México:  |b CONAPO: Vivir Mejor: SEGOB,  |c [2010?]. 
300 |a 6 p. 
336 |a texto  |b txt  |2 rdacontenido 
337 |a sin mediación  |b n  |2 rdamedio 
338 |a volumen  |b nc  |2 rdasoporte 
440 1 |a (Infórmate y decide) 
649 |a XX 
650 |a Control natal 
650 |a Salud sexual 
650 |a Métodos anticonceptivos 
650 |a Prevención de enfermedades 
910 |a Fondo Centro de Estudios Educativos 
920 |a Impresos - Libros 
930 |a Fondos Especiales 
905 |a 133 
901 |a ALE068306  |b IT2  |c CEE  |u 20250521 
902 |a https://opac.biblio.iteso.mx/vufind/Record/000511212